| 000 | 00967nam a2200193 4500 | ||
|---|---|---|---|
| 001 | 110463 | ||
| 003 | ES-MaACL | ||
| 005 | 20251015165610.0 | ||
| 007 | t| | ||
| 008 | 061121s1924 cu r ||||1| spa d | ||
| 100 | 1 |
_aMolina y Ramos, Joaquín. _981970 |
|
| 245 | 1 | 3 |
_aLa historia y desenvolvimiento del arte musical en Cuba y fases de nuestra música nacional / _cDiscurso leido por el Sr. Joaquín Molina y Ramos en la sesión solemne celebrada por la Academia Nacional de Artes y Letras [de La Habana] el día 12 de mayo de 1924, al ser recibido como miembro de número de la Sección de Música de dicha corporación; discurso de contestación, por el Sr. Eduardo S. de Fuentes. |
| 260 |
_aLa Habana : _b[s. n.], _c1924 ( _fEl Siglo XX) |
||
| 300 |
_a30 p. ; _c25 x 16 cm. |
||
| 700 | 0 |
_aFuentes, Eduardo, _d1878-1946 _952893 |
|
| 710 | 2 |
_aAcademia Nacional de Artes y Letras (Cuba) _91211 |
|
| 852 |
_aES-MaACL _j1618-F-16 _bR.4433 |
||
| 999 |
_c110463 _d110463 |
||